000 00830nam a22002297a 4500
005 20180611155415.0
010 _aB-681174-186
020 _a9789382524335
_c995.00
035 _aEN-99944
035 _aB-681174-186
037 _bTHe Book Line
_adpl
037 _bDBAD/PUB
082 _a641.5954
100 _aRitambhara
245 _aMa ki Rasoi se /
_cby Ritambhara [and] Alpana Singh
260 _aNew Delhi
_bThe Book Line
_c2016
270 _a106,4787/23, Ist Floor,Ansari Road,Daryaganj
_bNew Delhi
_e110002
300 _a164p.
_c28Cm(Hb)
_bIllestration
490 _aRCSS policy Studies-61
942 _2ddc
_cEN
_mRIT
_h641.5954
999 _c104434
_d104434